Ανάπτυξη εφαρμογής παραθυρικού περιβάλλοντος για επεξεργασία των δεδομένων εξόδου των ρευματογράφων Doppler : διπλωματική εργασία :
Η παρούσα εργασία αφορά στην ανάπτυξη λογισμικού στατιστικής επεξεργασίας και οπτικής απεικόνισης των δεδομένων εξόδου ενός καθιερωμένου οργάνου μελέτης των βενθικών και γενικότερα παρακτίων οικοσυστημάτων. Η ανάπτυξη της εφαρμογής έγινε στο προργαμματιστικό περιβάλλον της γλώσσας αντικειμενοστραφής...
Saved in:
| Main Author: | |
|---|---|
| Corporate Author: | |
| Format: | Thesis Book |
| Language: | Greek |
| Published: |
2014.
|
| Subjects: | |
| Online Access: | http://hdl.handle.net/11610/11667 |
| Tags: |
Add Tag
No Tags, Be the first to tag this record!
|
MARC
| LEADER | 00000cam a2200000 a 4500 | ||
|---|---|---|---|
| 001 | 1/108204 | ||
| 008 | 150828s2014####gr d ||| |||| ||gre|| | ||
| 040 | |a GR-MyUa |b gre |c GR-MyUa |e AACR2 | ||
| 041 | 0 | |a gre | |
| 082 | 7 | |a 621.3 |2 (23) | |
| 100 | 1 | |a Γαλανάκης, Δημήτριος. | |
| 245 | 1 | 0 | |a Ανάπτυξη εφαρμογής παραθυρικού περιβάλλοντος για επεξεργασία των δεδομένων εξόδου των ρευματογράφων Doppler : |b διπλωματική εργασία : |c Γαλανάκης Μ. Δημήτριος ; Βελεγράκης Φ. Αντώνιος, καθηγητής (επιβλέπων). |
| 260 | |c 2014. | ||
| 300 | |a 85 σ. : |b διαγρ. ; |c 30 εκ. | ||
| 500 | |a Τριμελής επιτροπή: Βελεγράκης Φ. Αντώνιος, Χασιώτης Θωμάς, Βαΐτης Μιχαήλ. | ||
| 502 | |a Διατριβή (μεταπτυχιακή) - Πανεπιστήμιο Αιγαίου, Λέσβος, 2014. | ||
| 504 | |a Περιλαμβάνει βιβλιογραφία και παράρτημα. | ||
| 506 | 1 | |a Ηλεκτρονική διάθεση στο πλήρες κείμενο – περιορισμένης πρόσβασης ; |d Ελεύθερη διάθεση μόνο στα μέλη του Πανεπιστημίου Αιγαίου. | |
| 520 | 8 | |a Η παρούσα εργασία αφορά στην ανάπτυξη λογισμικού στατιστικής επεξεργασίας και οπτικής απεικόνισης των δεδομένων εξόδου ενός καθιερωμένου οργάνου μελέτης των βενθικών και γενικότερα παρακτίων οικοσυστημάτων. Η ανάπτυξη της εφαρμογής έγινε στο προργαμματιστικό περιβάλλον της γλώσσας αντικειμενοστραφής MatLab και το όργανο υπόδειγμα της ακουστικής ταχυμετρίας είναι ένα ADV. Οι μαθηματική επεξεργασία έγκειται στον τομέα της ανάλυσης Fourier και τον καθορισμό των βασικών στατιστικών στοιχείων μίας χρονοσειράς με την εφαρμογή φίλτρων, την απαλοποίηση και τον έλεγχο συσχετίσεων και αυτοσυσχετίσεων. Ο σκοπός της εργασίας δεν ήταν να δημιουργηθούν εκ του μηδενός οι αλγόριθμοι επεξεργασίας των δεδομένων αλλά να επιτευχθεί μεγάλος βαθμός ολοκήρωσης αλγορίθμων που ήδη εκτελούνται σε πλήθος εφαρμογών. Στόχος της σχεδίασης ήταν η κατασκευή και σύνθεση ενός εύχρηστου εργαλείου εκτέλεσης σύνθετων διαδικασιών που θα μπορούσε να χρησιμεύσει στην παράκτια μελέτη και διαχείριση. | |
| 630 | 0 | 0 | |a MATLAB. |
| 650 | 0 | |a Wave mechanics. | |
| 650 | 0 | |a Doppler echocardiography. | |
| 650 | 0 | |a Laser Doppler velocimeter. | |
| 700 | 1 | |a Βελεγράκης, Αντώνιος Φ. |e dgs | |
| 710 | 2 | |a Πανεπιστήμιο Αιγαίου |b Σχολή Περιβάλλοντος |b Τμήμα Επιστημών της Θάλασσας |b Πρόγραμμα Μεταπτυχιακών Σπουδών Διαχείριση Παράκτιων Περιοχών. | |
| 852 | |a INST |b LESVOS |c DIATR |e 20150828 |h 257 |p 005100058064 |q 005100058064 |t MTXE |y 23 | ||
| 852 | |a INST |b LESVOS |c DIATR |e 20150828 |h 258 |p 005100058063 |q 005100058063 |t MTXE |y 23 | ||
| 856 | |u http://hdl.handle.net/11610/11667 | ||
| 924 | |a Γαλανάκης |b Δημήτριος |y Λέσβος |z 2014-11 | ||
| 970 | |a Τζαφέρη |b Ευαγγεία |z 28-08-2015 | ||